Missing Word: Sofía Vergara Quiz Stats

 Plays Quiz Updated Jul 15, 2018

Challenge
Share
Tweet
Embed
Score 0/18 Timer 05:00
0 Plays Today
Title Missing Word % Correct
The ____ StoogesThree
92.6%
New Year's ____Eve
90.2%
____ Lampoon's Pledge This!National
89.7%
Madea ____ to JailGoes
85.9%
Tyler Perry's ____ the BrownsMeet
75.7%
Happy ____ Two*Feet
70.6%
____ PursuitHot
47.5%
____ TroubleBig
44.3%
____ from Planet Earth*Escape
37.6%
Title Missing Word % Correct
The 24th ____Day
36.8%
Machete ____Kills
26.3%
Lords of ____Dogtown
25.1%
____ BrothersFour
23.2%
Soul ____Plane
17.4%
The ____ Movie*Emoji
15.1%
____ PapiChasing
11.5%
Wild ____Card
7.4%
The ____ Is OnCon
6.2%

Today's Daily Dose

You're not logged in!

Compare scores with friends on all Sporcle quizzes.
Join for Free
OR
Log In

You Might Also Like...

Show Comments

Extras

Top Quizzes Today


Score Distribution

Your Account Isn't Verified!

In order to create a playlist on Sporcle, you need to verify the email address you used during registration. Go to your Sporcle Settings to finish the process.

Report this User

Report this user for behavior that violates our Community Guidelines.

Details: